000 01262cam a22001694a 4500
005 20250605163511.0
008 250528s ||||||||||||||||||||||||d
035 _a20558
040 _aGR-AtMCL
_bgre
_dGR-AtMCL
_eAACR2
245 1 _aWindows Vista - Office 2007 / Part C
260 _bΔημοσιογραφικός Οργανισμός Λαμπράκη,
_c2007
300 _a314
520 _aΗ απαραίτητη επτάτομη βιβλιοθήκη κάθε σύγχρονου χρήστη PC. Πανδαισία Πολυμέσων, Μουσικη με τον Media Player, Ενναλακτική Αναπαραγωγή Ήχου, Εκθέστε τις Φωτογραφίες σας, Φωτογραφίες με τους Εναλλακτικούς, Επεξεργασία Φωτογραφιών με Nero, Βίντεο και DVD νε τους Εναλλακτικούς, Από τη Σκοπιά του Σκηνοθέτη, Αποκρυπτογράφηση Δίσκων DVD, DVD Transporting, Δημιουργία Βίντεο DixX και XviD, Δημιουργία Βίντεο Hi-Def, Το iTunes στα Vista, Εγκατάσταση του Nero, Πρώτη Γνωριμία με το Nero.
942 _cBK
999 _c5655
_d5655